The extreme / (Record no. 1096)

MARC details
000 -LEADER
fixed length control field 01139cam a22003373a 4500
005 - DATE AND TIME OF LATEST TRANSACTION
control field 20230821134013.0
020 ## - INTERNATIONAL STANDARD BOOK NUMBER
International Standard Book Number 0590762583 (pbk.)
020 ## - INTERNATIONAL STANDARD BOOK NUMBER
International Standard Book Number 9780590762588
020 ## - INTERNATIONAL STANDARD BOOK NUMBER
International Standard Book Number 0439051185
040 ## - CATALOGING SOURCE
Original cataloging agency ZAB
Transcribing agency ZAB
Modifying agency SLC
-- OCL
-- OCLCQ
-- DLC
Language of cataloging eng
050 00 - LIBRARY OF CONGRESS CALL NUMBER
Classification number PZ7.A6483
082 ## - DEWEY DECIMAL CLASSIFICATION NUMBER
Classification number Fic
100 1# - MAIN ENTRY--PERSONAL NAME
Personal name Applegate, Katherine
245 14 - TITLE STATEMENT
Title The extreme /
Statement of responsibility, etc. K.A. Applegate.
260 ## - PUBLICATION, DISTRIBUTION, ETC.
Place of publication, distribution, etc. New York :
Name of publisher, distributor, etc. Scholastic,
Date of publication, distribution, etc. 1999.
300 ## - PHYSICAL DESCRIPTION
Extent 146 pages :
Other physical details illustrations ;
Dimensions 20 cm
490 0# - SERIES STATEMENT
Series statement Animorphs ;
Volume/sequential designation Book 25
500 ## - GENERAL NOTE
General note "An Apple paperback."
505 ## - FORMATTED CONTENTS NOTE
Formatted contents note O <br/>
520 ## - SUMMARY, ETC.
Summary, etc. When the evil Yeerks start wreaking havoc at the North Pole, Marco and the other Animorphs must use their special powers to stop them from taking over one of the coldest places on Earth.
521 ## - TARGET AUDIENCE NOTE
Target audience note 600 <br/>
Source Lexile <br/>
521 ## - TARGET AUDIENCE NOTE
Target audience note O <br/>
Source Raz-Plus <br/>
650 #0 - SUBJECT ADDED ENTRY--TOPICAL TERM
Topical term or geographic name entry element Science fiction.
650 #0 - SUBJECT ADDED ENTRY--TOPICAL TERM
Topical term or geographic name entry element Metamorphosis
Form subdivision Juvenile fiction.
655 #7 - INDEX TERM--GENRE/FORM
Genre/form data or focus term Children's stories.
Source of term lcsh
655 #7 - INDEX TERM--GENRE/FORM
Genre/form data or focus term Science fiction.
Source of term gsafd
906 ## - LOCAL DATA ELEMENT F, LDF (RLIN)
a 7
b cbc
c copycat
d 2
e ncip
f 19
g y-genrareb
942 ## - ADDED ENTRY ELEMENTS (KOHA)
Source of classification or shelving scheme Dewey Decimal Classification
Koha item type Books
Suppress in OPAC No
999 ## -
-- 1096
-- 1096
Holdings
Withdrawn status Lost status Source of classification or shelving scheme Damaged status Not for loan Collection Home library Current library Shelving location Date acquired Total Checkouts Full call number Barcode Date last seen Price effective from Koha item type
    Dewey Decimal Classification     Juvenile Fiction Footprints International School Library Network Toul Kork Campus Footprints International School Library Network Toul Kork Campus   07/31/2023   APP Fic PZ7.A6483 FISOO995 07/31/2023 07/31/2023 Books